1425 1597 1098 1846 1784 1985 1954 1123 1077 1227 1873 1066 1811 1198 1461 1587 1490 1012 1702 1518 1020 1660 1389 1441 1353 1277 1360 1323 1616 1579 1310 1964 1351 1389 1835 1537 1409 1830 1980 1265 1939 1558 1888 1470 1403 1581 1215 1513 1521 1619 1810 1210 1352 1018 1310 1664 1827 1547 1102 1217 1066 1217 1343 1848 1634 1220 1622 1663 1471 1305 1965 1029 1189 1505 1594 1797 1520 1942 1746 1728 1256 1823 1380 1852 1166 1632 1124 1922 1238 1605 1148 1493 1417 1532 1225 1542 1208 1359 1850 BCNSPRNW ULIB Ver.6.0+V

เปลี่ยนเป็นภาษาไทย

Change to English
 แสดงรายละเอียดบรรณานุกรม
  กลับหน้าหลัก

Brief Record : Get Marc (ISO 2709) : E-mail record : QR code < ปิดหน้าต่าง
LEADER : 00000nam 2200000uu 4500
001    13399110817
003     ULIB
008    110609s2010||||th 000 0 eng d
024    9780763761349
060  4 WQ165^bD981p 2010
100 0  Lauren A Dutton
245 00 A pocket guide to clinical midwifery : the efficient midwife ^cby Lauren A Dutton, Jessica E Densmore and Meredith B Turner
260    Sudbury,MA:^bJones and Bartlett,^c2010
300    358 p:^bill.
650  4 Midwifery^xHandbook
700 0  Jessica E Densmore
700 0  Meredith B Turner Book
945    ^p1400^l0^i030135
995    Kesorn
999 ^a ใช้งานได้ทุกระบบ
รายการนี้ยังไม่มีแท็ก
คุณยังไม่ได้ล็อกอิน คุณสามารถมีกิจกรรมร่วมกับเว็บไซต์ได้ แต่ต้องล็อกอินก่อน ::
  ล็อกอิน

รายการสื่อสารสนเทศ

ลำดับที่ ประเภท เลขเรียก/บาร์โค้ด สถานที่ สถานะ
- ไม่พบข้อมูล -

BibComment


ยังไม่เคยถูกคอมเมนท์

คอมเมนท์ทรัพยากรรายการนี้
  คอมเมนท์: A pocket guide to..


 Copyright 2026. Bcnsprnw @Library